| 000 | 01280cam a2200277 a 4500 | ||
|---|---|---|---|
| 001 | 2125547 | ||
| 005 | 20060109095050.0 | ||
| 008 | 970709s1998 enk b 101 0 eng | ||
| 010 | _a97027669 | ||
| 020 | _a1855674033 (hbk.) | ||
| 020 | _a0826452248 (pbk.) | ||
| 040 |
_aDLC _cDLC _dDLC |
||
| 050 | 0 | 0 |
_aJZ1305 _b.I58 1998 |
| 082 | 0 | 0 |
_a341.2 _221 _bINT |
| 245 | 0 | 0 |
_aInternational Society and the Development of International Relations Theory / _cedited by B.A. Roberson. |
| 260 |
_aLondon ; _aWashington : _bPinter, _cc1998. |
||
| 300 |
_avi, 278 p. ; _c25 cm. |
||
| 500 | _a"The majority of these papers were [presented at] an European Consortium for Political Research Workshop held in Limerick, Ireland, in 1992"--Pref. | ||
| 504 | _aIncludes bibliographical references (p. [246]-263) and index. | ||
| 650 | 0 |
_aInternational relations. _96664 |
|
| 650 | 0 |
_aInternational society. _96665 |
|
| 700 | 1 |
_aRoberson, B. A. _q(Barbara Allen) _96666 |
|
| 942 |
_2ddc _cBB |
||
| 999 |
_c11955 _d11955 |
||